AFI's Top 10 TV Shows Through the Years Quiz Stats

 Plays Quiz Updated Mar 10, 2018

Challenge
Share
Tweet
Embed
Score 0/170 Timer 16:00
1 Play Today
Year Show % Correct
2018The Assassination of Gianni Versace: American Crime Story
91%
2008Breaking Bad
90.4%
2010Breaking Bad
90.4%
2011Breaking Bad
90.4%
2012Breaking Bad
90.4%
2013Breaking Bad
90.4%
2011Game of Thrones
88.8%
2012Game of Thrones
88.8%
2013Game of Thrones
88.8%
2014Game of Thrones
88.8%
2015Game of Thrones
88.8%
2005House, M.D.
87.1%
200324
86.5%
200524
86.5%
200624
86.5%
2009Modern Family
86.1%
2010Modern Family
86.1%
2011Modern Family
86.1%
2012Modern Family
86.1%
200730 Rock
85.7%
201030 Rock
85.7%
2007Mad Men
85.5%
2008Mad Men
85.5%
2009Mad Men
85.5%
2010Mad Men
85.5%
2013Mad Men
85.5%
2014Mad Men
85.5%
2012Mad Men
85.5%
2002The Sopranos
85.5%
2004The Sopranos
85.5%
2007The Sopranos
85.5%
2006The Office (US)
85.1%
2008The Office (US)
85.1%
2016Game of Thrones
84.4%
2017Game of Thrones
83.6%
2011Parks and Recreation
80.1%
2002Everybody Loves Raymond
78.8%
2003Everybody Loves Raymond
78.8%
2013Veep
77.8%
2009The Big Bang Theory
77.7%
2013House of Cards
77%
2016Veep
75.5%
2003Arrested Development
74%
2004Arrested Development
74%
2004Lost
71.9%
2005Lost
71.9%
2008Lost
71.9%
2012Homeland
71.4%
2015Homeland
71.4%
2011Homeland
71.4%
2002The West Wing
71%
2006The West Wing
70.9%
2004Curb Your Enthusiasm
69.4%
2011Curb Your Enthusiasm
69.4%
2018The Americans
68.4%
2009Glee
67.4%
2010Glee
67.4%
Year Show % Correct
2010Boardwalk Empire
66.4%
2011Boardwalk Empire
66.4%
2004Desperate Housewives
66.1%
2004South Park
65.9%
2006South Park
65.9%
2007Ugly Betty
65.7%
2006Dexter
65.6%
2007Dexter
65.6%
2011The Good Wife
65.1%
2013The Good Wife
65.1%
2002The Simpsons
64.2%
2012Girls
63.3%
2018Better Call Saul
63.2%
2013The Americans
62.6%
2014The Americans
62.6%
2015The Americans
62.6%
2011Louie
62.4%
2012Louie
62.4%
2015Better Call Saul
60.3%
2016The Americans
60.3%
2003Alias
59.7%
2013Scandal
58.9%
2018Atlanta
58.7%
2005Grey's Anatomy
58%
2009Nurse Jackie
57.5%
2016Better Call Saul
57.2%
2015Empire
56.9%
2009True Blood
56.3%
2016Stranger Things
55.2%
2003The Wire
54.1%
2006The Wire
54.1%
2008The Wire
54.1%
2018This Is Us
53.5%
2013Orange is the New Black
52.8%
2014Orange is the New Black
52.8%
2014How to Get Away with Murder
52.3%
2005Veronica Mars
51.8%
2010The Walking Dead
51.7%
2012The Walking Dead
51.7%
2015Black-ish
51.2%
2017This Is Us
50.8%
2006Friday Night Lights
49.9%
2007Friday Night Lights
49.9%
2009Friday Night Lights
49.9%
2017Stranger Things
49.9%
2017The Handmaid's Tale
49.2%
2002Gilmore Girls
48.2%
2008The Shield
47.9%
2004The Shield
47.9%
2017Master of None
46.8%
2014Transparent
45.7%
2016This Is Us
44.8%
2017The Good Place
44.7%
2017The Crown
44%
2016Atlanta
42.4%
2017Big Little Lies
42.3%
2018Barry
41.9%
Year Show % Correct
2015Master of None
40.8%
2011Justified
39.5%
2015Mr. Robot
38.9%
2005Rescue Me
37.5%
2002Six Feet Under
37.4%
2018The Marvelous Mrs. Maisel
36.1%
2016The Crown
33.9%
2012American Horror Story: Asylum
33.6%
2014Fargo
32.5%
2015Fargo
32.5%
2004Deadwood
31.3%
2005Deadwood
31.3%
2014Jane the Virgin
30.7%
2016The People v. O.J. Simpson: American Crime Story
30.5%
2009Big Love
28.5%
2018The Kominsky Method
27.7%
2005Battlestar Galactica
24.9%
2006Battlestar Galactica
24.9%
2008John Adams
24.3%
2013Masters of Sex
22.6%
2014Silicon Valley
22.1%
2016The Night Of
21.5%
2003Joan of Arcadia
20%
2017Insecure
19%
2007Pushing Daisies
18.9%
2014The Knick
18%
2007Everybody Hates Chris
17.9%
2010The Big C
17.7%
2003Nip/Tuck
17.1%
2004Nip/Tuck
17.1%
2009Party Down
16.8%
2006Heroes
16.3%
2015UnREAL
12.9%
2017Feud: Bette and Joan
12%
2003Angels in America
11.6%
2008In Treatment
11.4%
2008Life
11.4%
2010Temple Grandin
10.1%
2012Game Change
9%
2010The Pacific
8.5%
2018Pose
8.4%
2018Succession
7.1%
2009The No. 1 Ladies' Detective Agency
5.3%
2008Recount
5%
2006Elizabeth I
4.5%
2002Boomtown
4.3%
2007Tell Me You Love Me
4%
2005Sleeper Cell
3.3%
2002Door to Door
3.1%
2004Something the Lord Made
3%
2002The Gathering Storm
3%
2007Longford
2.6%
2002The Believer
2.6%
2003Playmakers
2.5%
2003Soldier's Girl
2.5%
2005Sometimes in April
2.5%

You're not logged in!

Compare scores with friends on all Sporcle quizzes.
OR
Log In

You Might Also Like...

Show Comments

Extras

Top Quizzes Today


Score Distribution

Your Account Isn't Verified!

In order to create a playlist on Sporcle, you need to verify the email address you used during registration. Go to your Sporcle Settings to finish the process.

Report this User

Report this user for behavior that violates our Community Guidelines.

Details: